BUBT Library Online Catalog

বাণিজ্যিক ও শিল্প আইন/ (Record no. 7188)

000 -LEADER
fixed length control field 00796nam a22002177a 4500
003 - CONTROL NUMBER IDENTIFIER
control field BUBTL
008 - FIXED-LENGTH DATA ELEMENTS--GENERAL INFORMATION
fixed length control field 240103b ||||| |||| 00| 0 eng d
020 ## - INTERNATIONAL STANDARD BOOK NUMBER
International Standard Book Number
041 ## - LANGUAGE CODE
Language code of text/sound track or separate title বাংলা + ইংরেজী
082 ## - DEWEY DECIMAL CLASSIFICATION NUMBER
Classification number 346.04/ K5265c/ 2005
100 ## - MAIN ENTRY--PERSONAL NAME
9 (RLIN) 5637
Personal name খালেকুজ্জামান, মোহাম্মদ
245 ## - TITLE STATEMENT
Title বাণিজ্যিক ও শিল্প আইন/
Remainder of title মোহাম্মদ খালেকুজ্জামান
250 ## - EDITION STATEMENT
Edition statement ১০ম সং
260 ## - PUBLICATION, DISTRIBUTION, ETC. (IMPRINT)
Place of publication, distribution, etc. ঢাকা
Name of publisher, distributor, etc. দি যমুনা পাবলিশার্স,
Date of publication, distribution, etc. c2005
300 ## - PHYSICAL DESCRIPTION
Extent [xxiv], 877p . :
Other physical details ill. ; 24 cm.
526 ## - STUDY PROGRAM INFORMATION NOTE
Program name Law
650 #0 - SUBJECT ADDED ENTRY--TOPICAL TERM
9 (RLIN) 2106
Topical term or geographic name as entry element Law
856 ## - ELECTRONIC LOCATION AND ACCESS
Password 0
Logon 0
Link text Download
942 ## - ADDED ENTRY ELEMENTS (KOHA)
Source of classification or shelving scheme
Koha item type Books
Holdings
Withdrawn status Lost status Source of classification or shelving scheme Damaged status Not for loan Collection code Permanent location Current location Shelving location Date acquired Source of acquisition Inventory number Total Checkouts Full call number Barcode Date last seen Copy number Price effective from Koha item type
          Non-fiction Bangladesh University of Business and Technology Library Bangladesh University of Business and Technology Library Law Stacks 04/08/2012 Purchase 6799   346.04/ K5265c/ 2005 BUBTL-20036799 01/03/2024 C-1 01/03/2024 Books
          Non-fiction Bangladesh University of Business and Technology Library Bangladesh University of Business and Technology Library Law Stacks 07/25/2009 Purchase 6800   346.04/ K5265c/ 2005 BUBTL-20036800 01/03/2024 C-2 01/03/2024 Books

More Information About Library

Library Hours

  • Open: 9.00 am. to 9.00 pm.
  • Only Sunday: 9.00 am. to 6.00 pm.
  • Closed: Holiday

Contact to the University

Bangladesh University of Business and Technology Library

  • Mirpurl-2, 1216.
  • Phone:
  • Fax:
  • E-Mail: admin.library@bubt.edu.bd

Contact to the Library

Contact Person:

Md. Abdul Hakim Shah
Joint Librarian
PABX No:  113
Cell No: 01816332931
E-mail: official: admin.library@bubt.edu.bd
Personal: hakim.shah@bubt.edu.bd


BUBT Library

Copyright © 2021